000 00751nam a2200277Ia 4500
003 OSt
005 20220928120803.0
006 a|||||r|||| 00| 0
007 ta
008 220927b |||||||| |||| 00| 0 eng d
024 _a66902
037 _cTextual
040 _aSDCL
_cSDCL
_beng
041 _2eng
_aeng
082 _aB2895, P0
100 _aKolman Bernard
_9451128
245 0 _aDiscrete mathematical structures
250 _a5
260 _aNew Delhi
_bPrentice-Hall
_c2000
300 _axii,503p
_ccm.
650 _a Systems Analysis
_9435535
650 _aDiscrete Mathematics
700 _a Busby Robert C
_9451129
942 _hB2895, P0
_cTEXL
_2CC
999 _c765239
_d765239